| 000 | 04274cam a22004574a 4500 | ||
|---|---|---|---|
| 999 |
_c57934 _d57934 |
||
| 001 | 16139078 | ||
| 005 | 20210402144614.0 | ||
| 008 | 100316s2010 enkab b 001 0 eng | ||
| 010 | _a 2010010920 | ||
| 015 |
_aGBA994089 _2bnb |
||
| 016 | 7 |
_a015380179 _2Uk |
|
| 020 | _a9780199544820 (pbk.) | ||
| 020 | _a0199544824 (pbk.) | ||
| 035 | _a(OCoLC)ocn560559548 | ||
| 040 |
_aDLC _cDLC _dYDX _dYDXCP _dUKM _dBWKUK _dBWK _dBWX _dCDX _dDLC |
||
| 042 | _apcc | ||
| 043 | _ae------ | ||
| 050 | 0 | 0 |
_aJN30 _b.P63 2010 |
| 080 | _a341.1 P-80 | ||
| 082 | 0 | 0 |
_a320.6094 _222 |
| 245 | 0 | 0 |
_aPolicy-making in the European Union / _cedited by Helen Wallace, Mark A. Pollack, and Alasdair R. Young. |
| 250 | _a6th ed. | ||
| 260 |
_aOxford ; _aNew York : _bOxford University Press, _c2010. |
||
| 300 |
_axlii, 597 p. : _bill., map ; _c25 cm. |
||
| 490 | 1 | _aThe new European Union series | |
| 504 | _aIncludes bibliographical references and index. | ||
| 505 | 8 | _aMachine generated contents note: -- Part One: Institutions, Process and Analytical Approaches -- 1. Overview, Mark A. Pollack, Helen Wallace, and Alasdair R.Young -- 2. Theorizing EU Policy-Making, Mark A. Pollack -- 3. The European Policy Process in Comparative Perspective, Alasdair R. Young -- 4. An Institutional Anatomy and Five Policy Modes, Helen Wallace -- Part Two: Policies -- 5. The Single Market, Alasdair R.Young -- 6. Competition Policy, Stephen Wilks -- 7. Economic and Monetary Union, Dermot Hodson -- 8. The Common Agricultural Policy, Christilla Roederer-Rynnning -- 9. The Budget, Brigid Laffan and Johannes Linder -- 10. The Structural Funds and Cohesion Policy, David Allen -- 11. Social Policy, Stephan Leibfried -- 12. Employment Policy, Martin Rhodes -- 13. Environmental Policy, Andrea Lenshow -- 14. Biotechnology Policy, Mark A. Pollack and Gregory C. Shaffer -- 15. Energy Policy, David Buchan -- 16. Trade Policy, Stephen Woolcock -- 17. Enlargement, Ulrich Sedelmeier -- 18. Foreign and Security Policy, Bastian Giegerich and William Wallace -- 19. Justice and Home Affairs, Sandra Lavenex -- Part Three: Conclusions -- 20. EU Policy-Making in Challenging Times: Adversity, Adaptability, and Resilience, Mark A. Pollack, Helen Wallace, and Alasdair R. Young. | |
| 520 | _a"The policies of the European Union profoundly affect the lives of people in Europe and around the world. The new edition of this highly successful textbook outlines how and why such decisions are made, as well as the key challenges faced by policy-makers in the current political and economic climate. Policy-Making in the European Union begins by clarifying the institutional framework of the EU and the analytical approaches used to understand it. A wide range of crucial and illustrative policies are then explored in detail by subject experts. This volume includes new chapters on ways of analyzing the EU's policy process and on energy policy. A central theme to the volume is how the recent expansion to twenty-seven member states has affected policy-making across the different policy sectors. The conclusion reflects on how this challenge and the protracted constitutional stalemate have affected policy-making in the EU. It also explores the impact of the financial and economic crises that have struck Europe over the past several years. The sixth edition is fully up-to-date, and is the ideal text for all those with an interest in the policy-making of the European Union"--Provided by publisher. | ||
| 610 | 2 | 0 |
_aEuropean Union. _911022 |
| 650 | 0 |
_aPolitical planning _zEuropean Union countries. _910499 |
|
| 653 | _aPolicy-Making in the European Union | ||
| 653 | _aევროკავშირში პოლიტიკის შემუშავება | ||
| 653 | _aРазработка политики в Европейском Союзе | ||
| 700 | 1 |
_aWallace, Helen _q(Helen S.) _911023 |
|
| 700 | 1 |
_aPollack, Mark A., _d1966- _911024 |
|
| 700 | 1 |
_aYoung, Alasdair R. _910876 |
|
| 830 | 0 |
_aNew European Union series. _910434 |
|
| 906 |
_a7 _bcbc _corignew _d1 _eecip _f20 _gy-gencatlg |
||
| 942 |
_2udc _cBK |
||
| 955 |
_bxj12 2010-03-16 _cxj12 2010-03-16 ONIX (telework) to GPSE _axe03 2010-05-25 1 copy rec'd., to CIP ver. _aBarcode 00284296321 returned from bindery 2010-07-16 |
||